000
00321cam a2200133ua 4500
020
_a
9788131706985
082
_a
511.5
_b
WIL/IN
100
_a
Wilson, Robin J .
245
_a
Introduction to graph theory /
250
_a
4 /
260
_a
London :
_b
Longman Group Limited ,
_c
2000.
300
_a
171 ; .
942
_c
BK
999
_c
10820
_d
10820